Instructor's manual to accompany "Write to learn" / (Record no. 430)
[ view plain ]
| 000 -LEADER | |
|---|---|
| fixed length control field | 00517nam a2200169 4500 |
| 001 - CONTROL NUMBER | |
| control field | 567 |
| 005 - DATE AND TIME OF LATEST TRANSACTION | |
| control field | 20181127161648.0 |
| 008 - FIXED-LENGTH DATA ELEMENTS--GENERAL INFORMATION | |
| fixed length control field | 040528s2004 mau 000 0 eng |
| 010 ## - LIBRARY OF CONGRESS CONTROL NUMBER | |
| LC control number | 2004108075 |
| 020 ## - INTERNATIONAL STANDARD BOOK NUMBER | |
| International Standard Book Number | 1413001823 |
| 100 1# - MAIN ENTRY--PERSONAL NAME | |
| Personal name | Murray, Donald M. |
| 245 10 - TITLE STATEMENT | |
| Title | Instructor's manual to accompany "Write to learn" / |
| Statement of responsibility, etc. | Donald M. Murray. |
| 250 ## - EDITION STATEMENT | |
| Edition statement | 7th ed. |
| 260 ## - PUBLICATION, DISTRIBUTION, ETC. | |
| Place of publication, distribution, etc. | Fort Worth, TX: |
| Name of publisher, distributor, etc. | Harcourt College Publishers, |
| Date of publication, distribution, etc. | 2002. |
| 300 ## - PHYSICAL DESCRIPTION | |
| Extent | 115 p. |
| 650 ## - SUBJECT ADDED ENTRY--TOPICAL TERM | |
| Topical term or geographic name entry element | English language --Rhetoric --Study and teaching. |
| Form subdivision | |
| General subdivision | |
| Chronological subdivision | |
| Geographic subdivision | |
| Source of heading or term | |
| Withdrawn status | Lost status | Source of classification or shelving scheme | Damaged status | Not for loan | Collection code | Home library | Current library | Shelving location | Serial Enumeration / chronology | Inventory number | Total Checkouts | Full call number | Barcode | Date last seen | Price effective from | Koha item type |
|---|---|---|---|---|---|---|---|---|---|---|---|---|---|---|---|---|
| Dewey Decimal Classification | Main TEST | RTC Library | RTC Library | Main opac | 582 | 808.04 MUR | 30001189 | 27/11/2018 | 27/11/2018 | Main |